000
00342nam a22001577a 4500
003
SGT
020
_a
9788125042815
082
_a
320,KOT
100
_a
KOTHARI,RAJNI
245
_a
POLITICS IN NIDIA
250
_a
2ND
260
_a
NEW DELHI
_b
ORIENT BLACK SWAN
_c
2015
300
_a
470
650
_a
POLITICS IN NIDIA
942
_2
ddc
_c
BK
999
_c
11432
_d
11432